Long term projections for iron and steel. (Record no. 84126)

MARC details
000 -LEADER
fixed length control field 00590nam a2200205 4500
001 - CONTROL NUMBER
control field sa 68011812
003 - CONTROL NUMBER IDENTIFIER
control field DLC
005 - DATE AND TIME OF LATEST TRANSACTION
control field 20260227112604.0
008 - FIXED-LENGTH DATA ELEMENTS--GENERAL INFORMATION
fixed length control field 691009s1968 ii 00100 eng
010 ## - LIBRARY OF CONGRESS CONTROL NUMBER
LC control number sa 68011812
050 0# - LIBRARY OF CONGRESS CALL NUMBER
Classification number HD9526.I62
Item number N28
082 ## - DEWEY DECIMAL CLASSIFICATION NUMBER
Classification number 338.4/7/6720954
110 20 - MAIN ENTRY--CORPORATE NAME
Corporate name or jurisdiction name as entry element National Council of Applied Economic Research.
245 1# - TITLE STATEMENT
Title Long term projections for iron and steel.
260 1# - PUBLICATION, DISTRIBUTION, ETC.
Place of publication, distribution, etc. New Delhi
Date of publication, distribution, etc. [1968]
300 ## - PHYSICAL DESCRIPTION
Extent xiv, 470 p.
Dimensions 23 cm.
350 ## - PRICE (NR) (BK AM CF MU VM SE) [OBSOLETE]
Price 40.00
-- ($7.00)
650 #0 - SUBJECT ADDED ENTRY--TOPICAL TERM
Topical term or geographic name entry element Iron industry and trade
Geographic subdivision India.
650 #0 - SUBJECT ADDED ENTRY--TOPICAL TERM
Topical term or geographic name entry element Steel industry and trade
Geographic subdivision India.

No items available.

Powered by Koha